| 000 | 01387cam a2200313Ia 4500 | ||
|---|---|---|---|
| 001 | letsplay00fred | ||
| 003 | CaSfIA | ||
| 005 | 20210118163833.0 | ||
| 007 | cr|||| | ||
| 008 | 890125s1987 nyua j 000 1 eng d | ||
| 040 |
_aSLC _cSLC _dMUS _dBAKER _dCaSfIA |
||
| 020 |
_a0843130164 : _c$4.95 |
||
| 020 | _a9780843130164 | ||
| 035 | _a(OCoLC)19060142 | ||
| 050 | 4 |
_aPZ7 _b.L5695 1987 |
|
| 245 | 0 | 0 |
_aLet's play / _h[electronic resource] _c[illustrated by Victor Frederick.] |
| 260 |
_a[New York] : _bPrice, Stern, Sloan, _cc1987. |
||
| 300 |
_a[12] p. : _bcol. ill. ; _c28 cm. |
||
| 490 | 0 | _aPreschool word books | |
| 500 | _aCover title. | ||
| 500 | _a"Treasure books." | ||
| 520 | _aHeavy board pages depict various playtime activities and their corresponding vocabulary words. | ||
| 700 | 1 |
_aFrederick, Victor, _eill. |
|
| 856 | 4 | 1 |
_uhttp://www.archive.org/details/letsplay00fred _zFree eBook from the Internet Archive |
| 856 | 4 | 2 |
_uhttp://www.openlibrary.org/books/OL24212363M _zAdditional information and access via Open Library |
| 942 | _cEB | ||
| 506 | _fНеобхідна авторизація на https://archive.org/ (створення облікового запису безкоштовно) | ||
| 506 | _fНеобхідна авторизація на https://openlibrary.org/ (створення облікового запису безкоштовно) | ||
| 999 |
_c518249 _d518249 |
||